000 00432nam a22001697a 4500
005 20180718123905.0
008 160512b xxu||||| |||| 00| 0 eng d
020 _a978-81-272-4790-4
041 _aeng
082 _b1762
_a658.1511
100 _aGupta, Shashi K. and Sharma, R.K.
_94552
245 _aManagement Accounting
260 _aLudhiana
_bKalyani rut
_c1991
300 _a39.19p,
650 _aManagement
_9241
942 _cBK
999 _c679
_d679